NBA Eastern Conference playoff standings since 2010 - Statistics

General Stats
  • This quiz has been taken 807 times
  • The average score is 57 of 64
Answer Stats
Standing Team % Correct
2016 3. heat
97%
2014 2. heat
97%
2013 1. heat
97%
2012 2. heat
97%
2011 2. heat
97%
2010 5. heat
97%
2017 2. cavs
96%
2017 1. celtics
96%
2016 5. celtics
96%
2015 7. celtics
96%
2013 7. celtics
96%
2012 4. celtics
96%
2011 3. celtics
96%
2010 4. celtics
96%
2017 4. raptors
91%
2016 2. raptors
91%
2015 4. raptors
91%
2014 3. raptors
91%
2017 5. bucks
90%
2015 6. bucks
90%
2013 8. bucks
90%
2010 6. bucks
90%
2013 2. knicks
90%
2012 7. knicks
90%
2011 6. knicks
90%
2015 8. nets
90%
2014 6. nets
90%
2013 4. nets
90%
2017 7. pacers
90%
2016 7. pacers
90%
2014 1. pacers
90%
2013 3. pacers
90%
2012 3. pacers
90%
2011 8. pacers
90%
2017 8. bulls
89%
2015 3. bulls
89%
2014 4. bulls
89%
2013 5. bulls
89%
2012 1. bulls
89%
2011 1. bulls
89%
2010 8. bulls
89%
2017 6. hawks
88%
2016 4. hawks
88%
2015 1. hawks
88%
2014 8. hawks
88%
2013 6. hawks
88%
2012 5. hawks
88%
2011 5. hawks
88%
2010 3. hawks
88%
2012 6. magic
88%
2011 4. magic
88%
2010 2. magic
88%
2016 8. pistons
87%
2016 6. hornets
85%
2014 7. hornets
85%
2017 3. wizards
85%
2015 5. wizards
85%
2014 5. wizards
85%
2012 8. 76ers
84%
2011 7. 76ers
84%
2016 1. cavs
80%
2015 2. cavs
80%
2010 1. cavs
80%
2010 7. bobcats
39%
No matching quizzes found
Score Distribution
Percent of People with Each Score
Percentile by Number Answered
Your Score History
You have not taken this quiz